000 01194nam a2200229 i 4500
001 166960
003 ES-MaACL
005 20230906213431.0
008 931025s1791 fr |||| | fre d
040 _aCAM
_bspa
_cPAB
100 1 _aValmont-Bomare, Jacques Christophe.
_9133533
245 1 0 _aDictionnaire raisonné universal d'histoire naturelle
_b: contenant l'histoire des animaux, des végétaux et des minéraux et des principaux phénomenes de la nature /
_cpor M. Valmont-Bomore... : tome premier.
250 _aQuatrieme edition
_bneuve et considérablement augmentée per l'auteur.
260 _aA Lyon :
_bchez Bruyset Freres,
_c1791.
300 _aXXXII [i.e. XXXVI], 618 p. ;
_c8\pa\s.
595 _aDatos de ed. preceden a la explicación al tít.
597 _aSign.: [ ]\p2\s, a-b\p8\s, A-Z\p8\s, 2A-2P\p8\s, 2Q\p4\s, 2R\p1\s.
597 _aError de pleg. de p. VIII pasa a V.
597 _aAntep.
597 _aGrab. calc. al principio del texto.
852 _aES-MaACL
_jR-3055-69
_xOlim:B-7101-115
_z-- Enc. pasta española
_z-- Dedic. ms. de José Rodríguez al Ateneo de Madrid
_d- Edic.: Corregir: "quatrieme edition, revue ..." - Tiene [1] h. de grab.
999 _c166960
_d166960